UNESCO Welterbe oder nicht? - Statistiken

Allgemein
  • Dieses Quiz wurde 98 mal gespielt
  • Das Durchschnittsergebnis liegt bei 11 aus 20
Antwortstatistiken
Frage Antwort % Korrekt
Buckingham Palace
Falsch
100%
Burg Rozafa
Falsch
100%
Eiffelturm
Wahr
100%
Die Schreine und Tempeln von Nikko
Wahr
100%
Alte Brücke von Mostar
Wahr
100%
Niagarafälle
Falsch
67%
Lofoten
Falsch
67%
Palm Jumeirah
Falsch
67%
Sydney Opera House
Wahr
67%
Wiener Innenstadt
Wahr
67%
Kilimanjaro Nationalpark
Wahr
67%
Wat Phra Kaeo
Falsch
33%
Große Moschee von Touba
Falsch
33%
Sinabung
Falsch
33%
Varanasi
Falsch
33%
Yellowstone-Nationalpark
Wahr
33%
Timgad
Wahr
33%
Cueva de las Manos
Wahr
33%
Dargavs, Die Stadt der Toten
Falsch
0%
Brasilia
Wahr
0%
Keine übereinstimmenden Quizze gefunden
Verteilung der Resultate
Anzahl Personen mit jedem Resultat
Perzentil nach korrekt beantworteten Fragen
Ihre Resultats-Entwicklung
Sie haben dieses Quiz noch nicht gespielt